00406nam a2200169Ia 4500003000400000005001700004008004100021040000700062041000800069082001900077100002400096245002800120260005100148300001300199365001200212650001200224OSt20230511164923.0210423s1989 xx 000 0 und d cAL aeng a000 223bMANO aMANORAMA (Malayala) aManorama year book 1989 aKottayambAffiliated East West Press Ltdc1989 av,26bPB b35cINR aGeneral